| 000 | 01375nam a2200337Ia 4500 | ||
|---|---|---|---|
| 001 | ebr10279377 | ||
| 003 | CaPaEBR | ||
| 006 | m u | ||
| 007 | cr cn||||||||| | ||
| 008 | 980505s1998 nyua sb 001 0 eng d | ||
| 010 | _z 98019114 | ||
| 020 | _z0195122011 (alk. paper) | ||
| 020 | _z9780195122015 | ||
| 040 |
_aCaPaEBR _cCaPaEBR |
||
| 035 | _a(OCoLC)252619925 | ||
| 050 | 1 | 4 |
_aHD9696.2.E182 _bD43 1998eb |
| 100 | 1 | _aDedrick, Jason. | |
| 245 | 1 | 0 |
_aAsia's computer challenge _h[electronic resource] : _bthreat or opportunity for the United States & the world? / _cJason Dedrick, Kenneth L. Kraemer. |
| 260 |
_aNew York : _bOxford University Press, _cc1998. |
||
| 300 |
_axviii, 364 p. : _bill. |
||
| 504 | _aIncludes bibliographical references (p. 343-351) and index. | ||
| 533 |
_aElectronic reproduction. _bPalo Alto, Calif. : _cebrary, _d2009. _nAvailable via World Wide Web. _nAccess may be limited to ebrary affiliated libraries. |
||
| 650 | 0 | _aCompetition, International. | |
| 650 | 0 |
_aComputer industry _zEast Asia. |
|
| 650 | 0 |
_aComputer industry _zJapan. |
|
| 650 | 0 |
_aComputer industry _zUnited States. |
|
| 655 | 7 |
_aElectronic books. _2local |
|
| 700 | 1 | _aKraemer, Kenneth L. | |
| 710 | 2 | _aebrary, Inc. | |
| 856 | 4 | 0 |
_uhttp://site.ebrary.com/lib/rucke/Doc?id=10279377 _zAn electronic book accessible through the World Wide Web; click to view |
| 999 |
_c3931 _d3931 |
||